| 000 | 00469nom a22001457a 4500 | ||
|---|---|---|---|
| 005 | 20220609164214.0 | ||
| 008 | 190712b xxu||||| |||| 00| 0 spa d | ||
| 041 | _aSPA | ||
| 082 | _aACT-1765 | ||
| 245 | _aKit #2 Armas de destrucción masiva | ||
| 500 | _aContiene 11 heridas de armas de destrucción masiva. Se prestan para el mismo día, hasta las 7:50 pm | ||
| 650 |
_aMODELOS ANATÓMICOS _963598 |
||
| 650 |
_aARMAS DE DESTRUCCIÓN MASIVA _934264 |
||
| 942 | _cMA | ||
| 999 |
_c12123 _d12123 |
||